Départements français de 1811 - Statistiques

Statistiques générales
  • Ce quiz a été pris 56 fois
    44 depuis la dernière actualisation
  • Le résultat moyen est 73 sur 130
Réponses sur la Carte
Les réponses sont colorées sur une échelle allant du rouge au vert en fonction du pourcentage des utilisateurs qui les ont devinées à leur premier essai. Vous pouvez retrouver ces pourcentages ci-dessous.
 
Statistiques - réponses
# Département % Correct
28 Finistère
87%
01 Ain
84%
03 Allier
84%
67 Bas-Rhin
84%
19 Corse
84%
22 Creuse
84%
26 Eure
84%
29 Gard
84%
66 Haut-Rhin
84%
35 Indre
84%
36 Indre-et-Loire
84%
12 Bouches-du-Rhône
81%
13 Calvados
81%
15 Charente
81%
32 Gironde
81%
33 Hérault
81%
88 Loire
81%
43 Loiret
81%
48 Manche
81%
52 Meurthe
81%
55 Moselle
81%
57 Nord
81%
58 Oise
81%
59 Orne
81%
60 Seine
81%
02 Aisne
77%
07 Ardennes
77%
08 Ariège
77%
10 Aude
77%
18 Corrèze
77%
27 Eure-et-Loir
77%
31 Gers
77%
34 Ille-et-Vilaine
77%
39 Landes
77%
49 Marne
77%
51 Mayenne
77%
54 Morbihan
77%
61 Pas-de-Calais
77%
68 Rhône
77%
78 Var
77%
09 Aube
74%
14 Cantal
74%
17 Cher
74%
20 Côte-d'Or
74%
23 Dordogne
74%
24 Doubs
74%
25 Drôme
74%
30 Haute-Garonne
74%
38 Jura
74%
56 Nièvre
74%
65 Pyrénées-Orientales
74%
71 Sarthe
74%
77 Tarn
74%
80 Vienne
74%
82 Vosges
74%
11 Aveyron
71%
75 Deux-Sèvres
71%
41 Haute-Loire
71%
50 Haute-Marne
71%
63 Hautes-Pyrénées
71%
81 Haute-Vienne
71%
37 Isère
71%
44 Lot
71%
45 Lot-et-Garonne
71%
46 Lozère
71%
47 Maine-et-Loire
71%
53 Meuse
71%
76 Somme
71%
89 Vaucluse
71%
79 Vendée
71%
06 Ardèche
68%
40 Loir-et-Cher
68%
62 Puy-de-Dôme
68%
72 Seine-et-Marne
68%
115 Tarn-et-Garonne
68%
83 Yonne
68%
85 Alpes-Maritimes
65%
70 Saône-et-Loire
65%
69 Haute-Saône
61%
04 Hautes-Alpes
58%
42 Loire-Inférieure
58%
73 Seine-et-Oise
58%
21 Côtes-du-Nord
52%
74 Seine-Inférieure
52%
05 Basses-Alpes
48%
64 Basses-Pyrénées
48%
16 Charente-Inférieure
48%
116 Rome
42%
84 Mont-Blanc
39%
98 Forêts
35%
97 Sambre-et-Meuse
35%
92 Escaut
32%
101 Sarre
32%
125 Bouches-de-l'Escaut
29%
87 Gênes
29%
99 Léman
29%
100 Mont-Tonnerre
29%
94 Dyle
26%
86 Jemmapes
26%
104
26%
112 Arno
23%
119 Bouches-de-la-Meuse
23%
128 Bouches-de-l'Elbe
23%
122 Frise
23%
91 Lys
23%
113 Méditerranée
23%
102 Rhin-et-Moselle
23%
118 Zuyderzée
23%
130 Ems-Supérieur
19%
95 Meuse-Inférieure
19%
127 Simplon
19%
126 Bouches-du-Rhin
16%
93 Deux-Nèthes
16%
123 Ems-Occidental
16%
124 Ems-Oriental
16%
96 Ourthe
16%
111 Taro
16%
121 Yssel-Supérieur
16%
120 Bouches-de-l'Yssel
13%
131 Lippe
13%
114 Ombrone
13%
103 Roer
13%
105 Stura
13%
117 Trasimène
13%
129 Bouches-du-Weser
10%
106 Marengo
10%
108 Montenotte
10%
107 Sézia
10%
110 Apennins
6%
109 Doire
6%
Aucun quiz correspondant
Distribution des résultats
% des personnes avec chaque résultat
Percentile par nombre de réponses
Votre historique - résultats
Vous n’avez pas pris ce quiz depuis la dernière actualisation